000 00494nam a2200157 i 4500
001 26249
003 ES-MaACL
005 20230906153418.0
007 t|
008 030108q1947 sp ||||1| spa d
100 1 _aAlvarez Guerra, Fernando.
_920832
245 1 0 _aComentarios a la ley de Arrendamientos Urbanos de 31 de diciembre de 1946 /
_cFernando Alvarez Guerra.
260 _aCáceres :
_bEdit. Extremadura,
_c[1947?]
300 _a314 p. ;
_c20 cm.
852 _aES-MaACL
_jC-4819
_bR.25373
999 _c26249
_d26249